000 00553nam a22001937a 4500
003 OSt
005 20220405084211.0
008 160506b xxu||||| |||| 00| 0 eng d
020 _a138628450
040 _aMMU
_beng
_cMMU
_dMMU
050 _aGV343.5 .P8 1973
100 _aPurdy,Robert
245 _aThe successful high school athletic program/
_cRobert L. Purdy.
260 _aNew York :
_bParker,
_c1973.
300 _a263 p. :
500 _aIncludes index.
650 _aPhysical education and training administration
942 _2lcc
_cLOAN LOAN
999 _c4280
_d4280